000 00744nam0a22002411 4500
001 RU\NLR\INFOCOMM_253\5000060692
005 20250613102058.0
035 _a(NLR Aleph) 009418288
090 _a8206609
_c8206609
100 _a20110210d1982 |||y0rusy50 ca
101 1 _aspa
_crus
102 _aRU
105 _ay ||||000|y
200 1 _aEl hegemonismo: en conflicto con la época
_f[Trad. del ruso por E. Cherniavski-Bogdan]
210 _aM.
_cProgresso
_d1982
215 _a314 с.
_d21 см
300 _aВ вып. дан.: Гегемонизм: с эпохой в конфликте
686 _aТ3(0)63-601.2
_2rubbk
801 1 _aRU
_bNLR
_c20110210
801 0 _aRU
_bNLR
_gPSBO
852 _aNLR
_jИ25 Д-3/438
942 _cBOOK
980 _aNB